The pleasures of Japanese literature / (Record no. 592155)
[ view plain ]
| 000 -LEADER | |
|---|---|
| fixed length control field | 00957pam a2200289 a 4500 |
| 001 - CONTROL NUMBER | |
| control field | 1964958 |
| 005 - DATE AND TIME OF LATEST TRANSACTION | |
| control field | 20221031133008.0 |
| 008 - FIXED-LENGTH DATA ELEMENTS--GENERAL INFORMATION | |
| fixed length control field | 880516s1988 nyuaf b 001 0 eng |
| 010 ## - LIBRARY OF CONGRESS CONTROL NUMBER | |
| LC control number | 88018069 |
| 020 ## - INTERNATIONAL STANDARD BOOK NUMBER | |
| International Standard Book Number | 9780231067379 |
| 040 ## - CATALOGING SOURCE | |
| Original cataloging agency | DLC |
| Transcribing agency | DLC |
| Modifying agency | DLC |
| 043 ## - GEOGRAPHIC AREA CODE | |
| Geographic area code | a-ja--- |
| 050 00 - LIBRARY OF CONGRESS CALL NUMBER | |
| Classification number | PL726.1 |
| Item number | .K44 1988 |
| 082 00 - DEWEY DECIMAL CLASSIFICATION NUMBER | |
| Classification number | 895.609 |
| Author Mark | KEE |
| 100 1# - MAIN ENTRY--PERSONAL NAME | |
| Personal name | Keene, Donald. |
| 9 (RLIN) | 101754 |
| 245 14 - TITLE STATEMENT | |
| Title | The pleasures of Japanese literature / |
| Statement of responsibility, etc. | Donald Keene. |
| 260 ## - PUBLICATION, DISTRIBUTION, ETC. | |
| Place of publication, distribution, etc. | New York : |
| Name of publisher, distributor, etc. | Columbia University Press, |
| Date of publication, distribution, etc. | c1988. |
| 300 ## - PHYSICAL DESCRIPTION | |
| Extent | xii, 133 p., [4] p. of plates : |
| Other physical details | col. ill. ; |
| Dimensions | 21 cm. |
| 440 #0 - SERIES STATEMENT/ADDED ENTRY--TITLE | |
| Title | Companions to Asian studies |
| 9 (RLIN) | 101987 |
| 500 ## - GENERAL NOTE | |
| General note | Includes index. |
| 504 ## - BIBLIOGRAPHY, ETC. NOTE | |
| Bibliography, etc. note | Bibliography: p. [123]-126. |
| 650 #0 - SUBJECT ADDED ENTRY--TOPICAL TERM | |
| Topical term or geographic name entry element | Japanese literature |
| Chronological subdivision | To 1868 |
| General subdivision | History and criticism. |
| 9 (RLIN) | 101988 |
| 650 #0 - SUBJECT ADDED ENTRY--TOPICAL TERM | |
| Topical term or geographic name entry element | Theater |
| Geographic subdivision | Japan |
| General subdivision | History. |
| 9 (RLIN) | 101989 |
| 650 #0 - SUBJECT ADDED ENTRY--TOPICAL TERM | |
| Topical term or geographic name entry element | Aesthetics, Japanese. |
| 9 (RLIN) | 33595 |
| 906 ## - LOCAL DATA ELEMENT F, LDF (RLIN) | |
| a | 7 |
| b | cbc |
| c | orignew |
| d | 1 |
| e | ocip |
| f | 19 |
| g | y-gencatlg |
| 942 ## - ADDED ENTRY ELEMENTS (KOHA) | |
| Source of classification or shelving scheme | |
| Koha item type | Book |
| Withdrawn status | Lost status | Source of classification or shelving scheme | Damaged status | Not for loan | Permanent Location | Current Location | Shelving location | Date acquired | Source of acquisition | Total Checkouts | Full call number | Barcode | Date last seen | Price effective from | Koha item type |
|---|---|---|---|---|---|---|---|---|---|---|---|---|---|---|---|
| Central Library (CL) | Central Library (CL) | Explore Japan | 10/31/2022 | Donated by Japan Embassy | 895.609 KEE | CL-D-2151 | 11/02/2022 | 10/31/2022 | Book |
